Lataa...

Nagarjun samvad

Bibliografiset tiedot
Päätekijä: Vijay Bahadur Singh
Aineistotyyppi: Printed Book
Julkaistu: New Delhi Vani 2009
Aiheet:
LEADER 00621nam a22001931a 4500
020 |a 9789350001424  |c 0.00 
040 |a SSUS - Library - Kalady 
082 |a H506  |b VIJ/N 
100 |a Vijay Bahadur Singh 
245 |a Nagarjun samvad  |h [Text] 
260 |a New Delhi  |b Vani   |c 2009 
300 |a 168p. 
600 |a Literature Hindi 
600 |a Interview Nagarjun 
600 |a Literature 
852 |h H506  |i VIJ/N  |p 066405  |9 250.00  |t 0 
942 |c BK 
999 |c 30223  |d 30223 
952 |0 0  |1 0  |4 0  |6 H_506_000000000000000_VIJ_N  |7 0  |9 43489  |a SSUS  |b SSUS  |d 2015-01-08  |g 250.00  |l 1  |o H506 VIJ/N  |p 066405  |r 2015-12-17  |s 2015-12-14  |v 0.00  |w 2015-01-08  |y BK